000 00815nab a2200253 u 4500
001 18518
003 HDC
007 cr bn ---aaaaa
008 210226c20100425xx dr|noo 0 a eng d
040 _aHDC
245 0 _aOpinion: Cooking up trouble at Deepdale's Halal KFC
260 _a[No place] :
_b[publisher not identified],
_c2010
300 _a1 online resource
336 _atext
_2rdacontent
337 _acomputer
_2rdamedia
338 _aonline resource
_2rdacarrier
650 _aHalal chicken
_917367
650 _aRestaurants
_92152
710 _aHalal Focus
856 _zRequest full-text at [email protected]
942 _2lcc
942 _cNEWS
942 _kNWSO 006089
999 _c15834
_d15834